000145794 001__ 145794
000145794 005__ 20241122150931.0
000145794 037__ $$aTAZ-TFM-2024-1330
000145794 041__ $$aspa
000145794 1001_ $$aArbás Castelló, Talín
000145794 24200 $$aManagement project: MinaTur, mining network in the province of Zaragoza
000145794 24500 $$aProyecto de gestión. MinaTur, red minera en la provincia de Zaragoza
000145794 260__ $$aZaragoza$$bUniversidad de Zaragoza$$c2024
000145794 506__ $$aby-nc-sa$$bCreative Commons$$c3.0$$uhttp://creativecommons.org/licenses/by-nc-sa/3.0/
000145794 520__ $$aEste proyecto plantea la creación de una red de minas en la provincia de Zaragoza con el objetivo de preservar y divulgar su valioso patrimonio minero. A través de un enfoque sostenible y responsable, se busca revitalizar cinco antiguas zonas mineras, a través de actividades turísticas y educativas. Para ello se pone el foco en la conexión entre el patrimonio minero y su entorno natural y como se engloban en el concepto de paisaje cultural. La propuesta incluye la creación de un centro de interpretación, puntos de información así como, de una señaletica adecuada . Este trabajo se basa en la colaboración con municipios, comarcas e instituciones que ayude a promover su desarrollo económico y frenar la despoblación rural de estas zonas mineras así como ofrezca nuevas oportunidades de empleo para las personas que viven allí. <br /><br />
000145794 521__ $$aMáster Universitario en Gestión del Patrimonio Cultural
000145794 540__ $$aDerechos regulados por licencia Creative Commons
000145794 691__ $$a0
000145794 692__ $$a
000145794 700__ $$aBiel Ibáñez, María Pilar$$edir.
000145794 7102_ $$aUniversidad de Zaragoza$$b $$c
000145794 8560_ $$f697847@unizar.es
000145794 8564_ $$s10087499$$uhttps://zaguan.unizar.es/record/145794/files/TAZ-TFM-2024-1330.pdf$$yMemoria (spa)
000145794 8564_ $$s10087499$$uhttps://zaguan.unizar.es/record/145794/files/TAZ-TFM-2024-1330_ANE.pdf$$yAnexos (spa)
000145794 909CO $$ooai:zaguan.unizar.es:145794$$pdriver$$ptrabajos-fin-master
000145794 950__ $$a
000145794 951__ $$adeposita:2024-11-22
000145794 980__ $$aTAZ$$bTFM$$cFFYL
000145794 999__ $$a20240911232107.CREATION_DATE